| 000 | 00000nam##2200000za#4500 |
| 001 | 9.614978 |
| 003 | CaOODSP |
| 005 | 20200327134839 |
| 007 | ta |
| 008 | 150406|1999||||xxc||||| f|0| 0 eng|d |
| 022 | |a0706-6457 |
| 040 | |aCaOODSP|beng |
| 043 | |an-cn--- |
| 086 | 1 |aFs97-6/2279E |
| 110 | 1 |aCanada. |bDepartment of Fisheries and Oceans. |
| 245 | 10|aAge 0 fish assemblages in proximate systems : |bthe Detroit River and Cedar Creek / |cby J. K. Leslie, C. A. Timmins and A. Pachkevitch. |
| 260 | |aOttawa - Ontario : |bFisheries and Oceans Canada |c1999. |
| 300 | |a20p. : |bgraphs, references, tables ; |c28 cm. |
| 490 | 1 |aCanadian technical report of fisheries and aquatic sciences|x0706-6457|v2279 |
| 500 | |a"This paper intends to provide some aspects of basic ecological information on age 0 fish assemblages in the Detroit River and Cedar Creek. Due to logistic problems, we investigated the distribution and habitat utilization of fishes mainly during their nursery period of life history."--Introduction. Prepared at the Department of Fisheries and Oceans, Great Lake for Fisheries and Aquatic Sciences, 867 Lakeshore Road, Burlington, Ontario L7R 4A6. |
| 520 | 3 |aThis paper intends to provide some aspects of basic ecological information on age 0 fish assemblages in the Detroit River and Cedar Creek. Due to logistic problems, we investigated the distribution and habitat utilization of fishes mainly during their nursery period of life history.--Introduction |
| 546 | |aRésumé en français |
| 563 | |aSpiral binding |
| 590 | |a99-45|b1999-11-12 |
| 720 | 1 |aLeslie, J. K. |
| 720 | 1 |aTimmins, C. A. |
| 720 | 1 |aPachkevitch, A. |
| 776 | 0#|tAge 0 fish assemblages in proximate systems : |w(CaOODSP)9.574019 |
| 830 | #0|aCanadian technical report of fisheries and aquatic sciences,|x0706-6457|v2279|w(CaOODSP)9.514691 |